Statystyki dla Imię męskie na S

Kliknij tutaj aby rozwiązać quiz!

Ogólne statystyki

  • Ten quiz został rozwiązany 76 razy
  • Średni wynik to 4 z 8

Statystyki odpowiedzi

Odpowiedź% Poprawnych
Szymon
85%
Sebastian
81%
Stanisław
72%
Sławomir
57%
Stefan
45%
Sylwester
43%
Sergiusz
24%
Samuel
22%

Rozkład punktacji

Percentyl według liczby udzielonych odpowiedzi

Procent ludzi z każdym wynikiem

Twoja historia wyników

Nie rozwiązałeś tego quizu